000
00256nam a22001217a 4500
008
170420b xxu||||| |||| 00| 0 eng d
041
_a
ALB
080
_a
573
100
_a
11
101
_a
SHM
245
_a
BIOLOGJIA HUMANE
_c
MEMUSHI, L
942
_2
udc
_c
BK
999
_c
11340
_d
11340